| 000 | 01007nam a2200301 a 4500 | ||
|---|---|---|---|
| 001 | 000028714 | ||
| 003 | DO-SdBPM | ||
| 005 | 20260505123204.0 | ||
| 007 | ta | ||
| 008 | 110411s2008 dr a 000 0 spa d | ||
| 020 | _a9789945171624 | ||
| 040 |
_a DO-SdBPM _bspa _cBPMSU _erda |
||
| 082 | 1 | 7 |
_aRD863.44 _bR282n 2007 _222 |
| 100 | 1 |
_aRead Escobal, Virginia _d1963- _4aut. _eautor |
|
| 245 | 1 | 0 |
_aNoches de luna nueva / _cVirginia Read Escobal; ilustraciones Montserrat Ubach Figueras. |
| 264 |
_aSanto Domingo : _bEdiciones SM, _c2008. |
||
| 300 |
_a79 páginas : _bilustraciones ; _c19 cm. |
||
| 336 |
_atexto _btxt _2rdacontent |
||
| 337 |
_asin mediación _bn _2rdamedia |
||
| 338 |
_avolumen _bnc _2rdacarrier |
||
| 490 | 0 |
_aEl varco de vapor, _v5 |
|
| 590 | _aInventariado, 2026/VM | ||
| 650 | 7 | _aNovela juvenil dominicana | |
| 650 | 7 | _aLiteratura juvenil dominicana | |
| 700 | 1 | 2 |
_aUbach Figueras, Montserrat, _eilustración |
| 910 | _aVMateo V. Control de calidad. BPMSU | ||
| 942 |
_2ddc _cBK |
||
| 999 |
_c7541 _d7541 |
||